Innovation and inclusion : the Americans with Disabilities Act at 20 : hearing before the Subcommittee on Communications, Technology, and the Internet of the Committee on Commerce, Science, and Transportation, United States Senate, One Hundred Eleventh Congress, second session, May 26, 2010.

Bibliographic Details
Corporate Author: United States. Congress. Senate. Committee on Commerce, Science, and Transportation. Subcommittee on Communications, Technology, and the Internet
Format: Government Document eBook
Language:English
Published: Washington : U.S. G.P.O., 2011.
Series:S. hrg. ; 111-986
Subjects:
Online Access:Electronic resource (PDF)

MARC

Tag First Indicator Second Indicator Subfields
LEADER 00000cam a22000001a 4500
001 in00004118021
005 20200117092342.0
006 m d f
007 cr bn mmmapmmp
008 120330s2011 dcu ob f000 0 eng d
035 |a chdc201101664 
040 |a UMI  |c UMI  |d UtOrBLW 
043 |a n-us--- 
086 0 |a Y 4.C 73/7:S.HRG.111-986 
110 1 |a United States.  |b Congress.  |b Senate.  |b Committee on Commerce, Science, and Transportation.  |b Subcommittee on Communications, Technology, and the Internet.  |0 http://id.loc.gov/authorities/names/no2010121126 
245 1 0 |a Innovation and inclusion :  |b the Americans with Disabilities Act at 20 : hearing before the Subcommittee on Communications, Technology, and the Internet of the Committee on Commerce, Science, and Transportation, United States Senate, One Hundred Eleventh Congress, second session, May 26, 2010. 
264 1 |a Washington :  |b U.S. G.P.O.,  |c 2011. 
264 2 |a Washington :  |b For sale by the Supt. of Docs., U.S. G.P.O. 
300 |a iii, 44 pages, digital, PDF file. 
336 |a text  |b txt  |2 rdacontent 
337 |a computer  |b c  |2 rdamedia 
338 |a online resource  |b cr  |2 rdacarrier 
490 1 |a S. hrg. ;  |v 111-986 
500 |a Shipping list number: 2011-0345-P. 
504 |a Includes bibliographical references. 
500 |a Record is based on bibliographic data in ProQuest Congressional Hearings Digital Collection. Reuse except for individual research requires license from ProQuest, LLC. 
500 |a Electronic resource. 
533 |a Electronic reproduction.  |b [Bethesda, Md.] :  |c ProQuest,  |d 2011.  |e digital, PDF file.  |n ProQuest Congressional Hearings Digital Collection.  |n Mode of access: World Wide Web via ProQuest website. 
538 |a System requirements: PDF reader software. 
610 1 0 |a United States.  |t Americans with Disabilities Act of 1990.  |0 http://id.loc.gov/authorities/names/no90020566 
650 0 |a Computers and people with disabilities  |x Government policy  |z United States. 
650 0 |a Self-help devices for people with disabilities  |x Government policy  |z United States. 
650 0 |a People with disabilities  |x Legal status, laws, etc.  |z United States.  |0 http://id.loc.gov/authorities/subjects/sh2008109038 
776 0 8 |i Print version:  |a United States. Congress. Senate. Committee on Commerce, Science, and Transportation. Subcommittee on Communications, Technology, and the Internet.  |t Innovation and inclusion  |w 2011506763  |w (OCoLC)ocn732344211  |z 9780160888113  |z 0160888115 
776 0 8 |i Microfiche version:  |a United States. Congress. Senate. Committee on Commerce, Science, and Transportation. Subcommittee on Communications, Technology, and the Internet.  |t Innovation and inclusion  |d [Bethesda, Md.] : ProQuest,[2011]  |o CIS 2011 S261-130  |w (ProQuest)cis01103446 
810 1 |a United States.  |b Congress.  |b Senate.  |t S. hrg. ;  |v 111-986.  |0 http://id.loc.gov/authorities/names/n83707917 
856 4 0 |u http://proxy.library.tamu.edu/login?url=http://search.proquest.com/congcomp/getdoc?HEARING-ID=HRG-2010-CST-0025  |y Electronic resource (PDF)  |t 0 
998 |a cis01103446 
999 f f |s ce2653fd-3196-3388-ae71-9e4a4983214d  |i c8626cbb-9916-39f1-b924-3d6ddf1c1b12  |t 0 
952 f f |a Texas A&M University  |b College Station  |c Electronic Resources  |d Available Online  |t 0  |e Y 4.C 73/7:S.HRG.111-986  |h Superintendent of Documents classification 
998 f f |a Y 4.C 73/7:S.HRG.111-986  |t 0  |l Available Online